000 00258nam a2200109Ia 4500
008 190216s9999||||xx |||||||||||||| ||und||
100 _aMithal G K
245 0 _aGate Mechanical Engineering
260 _bG K Publishers
_c1997
300 _a1230p
942 _cREF
999 _c36340
_d36340